Red, White, and Blue Flags - Statistics

General Stats
  • This quiz has been taken 26 times
  • The average score is 21 of 22
Answer Stats
Picture Answer % Correct
Australia
100%
Chile
100%
Croatia
100%
Cuba
100%
France
100%
Iceland
100%
New Zealand
100%
North Korea
100%
Norway
100%
Panama
100%
Russia
100%
Slovakia
100%
Slovenia
100%
United Kingdom
100%
United States of America
100%
Nepal
93%
Serbia
93%
Thailand
93%
Liberia
92%
Netherlands
90%
Dominican Republic
88%
Laos
88%
Taiwan
88%
Luxembourg
87%
Malaysia
86%
Paraguay
86%
Costa Rica
85%
Cambodia
83%
Cape Verde
77%
Samoa
70%
No matching quizzes found
Score Distribution
Percent of People with Each Score
Percentile by Number Answered
Your Score History
You have not taken this quiz